000 00796nam a2200265 i 4500
001 C2-0311594
003 PPAK
005 20210617120406.0
008 110726s2010 my a j | 0 may d
020 _a9789830558592
_qpaperback
040 _aPPAK
_beng
_cPPAK
_erda
082 0 4 _a507
_223
090 0 0 _a507
_bZAB
_dK
100 0 _aZabri Hazry,
_eauthor.
245 1 0 _aKehidupan haiwan kepada manusia /
_cZabri Hazry
264 1 _aSubang Jaya, Selangor :
_bPenerbit Pinang,
_c2010
300 _a14 pages :
_bcolour illustrations ;
_c30 cm
336 _2rdacontent
_atext
337 _2rdamedia
_aunmediated
338 _2rdacarrier
_avolume
490 1 _aSiri ketahui misteri sains
650 1 0 _aScience
_vStudy and teaching.
830 0 _aSiri ketahui misteri sains
942 _cB
_2ddc
999 _c113813
_d113813